Welcome to CU Library Online Public Access Catalogue (OPAC)

The world according to Drucker: (Record no. 5676)

MARC details
000 -LEADER
fixed length control field 00463nam a22001577a 4500
005 - DATE AND TIME OF LATEST TRANSACTION
control field 20250506124156.0
008 - FIXED-LENGTH DATA ELEMENTS--GENERAL INFORMATION
fixed length control field 250506b |||||||| |||| 00| 0 eng d
020 ## - INTERNATIONAL STANDARD BOOK NUMBER
International Standard Book Number 9780752813745
050 ## - LIBRARY OF CONGRESS CALL NUMBER
Classification number HD 30.5 .B BEA
Item number 1
100 ## - MAIN ENTRY--PERSONAL NAME
Personal name BEATTY ,Jack
245 ## - TITLE STATEMENT
Title The world according to Drucker:
Remainder of title The life and work of the world's greatest management thinker
260 ## - PUBLICATION, DISTRIBUTION, ETC.
Place of publication, distribution, etc. London
Name of publisher, distributor, etc. Orion business books
Date of publication, distribution, etc. 1998
300 ## - PHYSICAL DESCRIPTION
Extent xii,204p
500 ## - GENERAL NOTE
General note notes
942 ## - ADDED ENTRY ELEMENTS (KOHA)
Source of classification or shelving scheme Library of Congress Classification
Koha item type Books
Suppress in OPAC No
999 ## -
-- 5676
-- 5676
Holdings
Withdrawn status Lost status Source of classification or shelving scheme Damaged status Not for loan Collection Home library Current library Shelving location Date acquired Total checkouts Full call number Barcode Date last seen Copy number Price effective from Koha item type
    Library of Congress Classification     Non-fiction Business Library (Miotso) Business Library (Miotso) General stacks 03/12/2026   HD30.5 .B4 BEA BSSM00002675 03/12/2026 1 03/12/2026 Books
    Library of Congress Classification     Non-fiction Business Library (Miotso) Business Library (Miotso) General stacks 03/18/2026   HD30.5 .B4 BEA BSSM00002835 03/18/2026 2 03/18/2026 Books
    Library of Congress Classification     Non-fiction Graduate Library (Christ Temple) Graduate Library (Christ Temple) General stacks 05/06/2025   HD 30.5.B4 BEA GSCT00001136 05/06/2025 1 05/06/2025 Books
    Library of Congress Classification     Non-fiction Graduate Library (Christ Temple) Graduate Library (Christ Temple) General stacks 05/06/2025   HD 30.5.B4 BEA GSCT00001137 05/06/2025 2 05/06/2025 Books
    Library of Congress Classification     Non-fiction Graduate Library (Christ Temple) Graduate Library (Christ Temple) General stacks 05/06/2025   HD 30.5.B4 BEA GSCT00001138 05/06/2025 3 05/06/2025 Books
© 2023-2024 Copyright: Central University Libraries. All Rights Reserved | Created by: Mahone Tech Office